Ballon d'Or Top 3 Players - Statistics

General Stats
  • This quiz has been taken 814 times
    226 since last reset
  • The average score is 137 of 209
Answer Stats
Year Rank Country Player % Correct
2007 2nd Portugal Cristiano Ronaldo
99%
2008 1st Portugal Cristiano Ronaldo
99%
2009 2nd Portugal Cristiano Ronaldo
99%
2011 2nd Portugal Cristiano Ronaldo
99%
2012 2nd Portugal Cristiano Ronaldo
99%
2013 1st Portugal Cristiano Ronaldo
99%
2014 1st Portugal Cristiano Ronaldo
99%
2015 2nd Portugal Cristiano Ronaldo
99%
2016 1st Portugal Cristiano Ronaldo
99%
2017 1st Portugal Cristiano Ronaldo
99%
2018 2nd Portugal Cristiano Ronaldo
99%
2019 3rd Portugal Cristiano Ronaldo
99%
2007 3rd Argentina Lionel Messi
99%
2008 2nd Argentina Lionel Messi
99%
2009 1st Argentina Lionel Messi
99%
2010 1st Argentina Lionel Messi
99%
2011 1st Argentina Lionel Messi
99%
2012 1st Argentina Lionel Messi
99%
2013 2nd Argentina Lionel Messi
99%
2014 2nd Argentina Lionel Messi
99%
2015 1st Argentina Lionel Messi
99%
2016 2nd Argentina Lionel Messi
99%
2017 2nd Argentina Lionel Messi
99%
2019 1st Argentina Lionel Messi
99%
2021 1st Argentina Lionel Messi
99%
2023 1st Argentina Lionel Messi
99%
1996 2nd Brazil Ronaldo
99%
1997 1st Brazil Ronaldo
99%
1998 3rd Brazil Ronaldo
99%
2002 1st Brazil Ronaldo
99%
2023 3rd France Kylian Mbappe
97%
2010 2nd Spain Andrés Iniesta
96%
2012 3rd Spain Andrés Iniesta
96%
2023 2nd Norway Erling Haaland
95%
2018 1st Croatia Luka Modrić
95%
2015 3rd Brazil Neymar
95%
2017 3rd Brazil Neymar
95%
2025 1st France Ousmane Dembélé
95%
2024 1st Spain Rodri
94%
2022 1st France Karim Benzema
93%
2009 3rd Spain Xavi
93%
2010 3rd Spain Xavi
93%
2011 3rd Spain Xavi
93%
1997 3rd France Zinedine Zidane
93%
1998 1st France Zinedine Zidane
93%
2000 2nd France Zinedine Zidane
93%
2024 2nd Brazil Vinícius Júnior
92%
2016 3rd France Antoine Griezmann
91%
2018 3rd France Antoine Griezmann
91%
2024 3rd England Jude Bellingham
91%
2022 3rd Belgium Kevin De Bruyne
91%
2004 3rd Brazil Ronaldinho
91%
2005 1st Brazil Ronaldinho
91%
2022 2nd Senegal Sadio Mané
91%
2021 2nd Poland Robert Lewandowski
90%
2025 2nd Spain Lamine Yamal
89%
2007 1st Brazil Kaká
88%
2001 3rd Germany Oliver Kahn
88%
2002 3rd Germany Oliver Kahn
88%
2006 1st Italy Fabio Cannavaro
87%
2014 3rd Germany Manuel Neuer
87%
2019 2nd Netherlands Virgil van Dijk
87%
2006 2nd Italy Gianluigi Buffon
86%
2013 3rd France Franck Ribéry
85%
2001 1st England Michael Owen
85%
2003 2nd France Thierry Henry
85%
2006 3rd France Thierry Henry
85%
1969 2nd Italy Gigi Riva
84%
1970 3rd Italy Gigi Riva
84%
2003 1st Czech Republic Pavel Nedvěd
84%
1999 3rd Ukraine Andriy Shevchenko
83%
2000 3rd Ukraine Andriy Shevchenko
83%
2004 1st Ukraine Andriy Shevchenko
83%
1995 1st Liberia George Weah
83%
2000 1st Portugal Luís Figo
83%
1994 3rd Italy Paolo Maldini
83%
2003 3rd Italy Paolo Maldini
83%
1999 1st Brazil Rivaldo
83%
1988 1st Netherlands Marco van Basten
82%
1989 1st Netherlands Marco van Basten
82%
1992 1st Netherlands Marco van Basten
82%
2025 3rd Portugal Vitinha
81%
2008 3rd Spain Fernando Torres
80%
2005 2nd England Frank Lampard
80%
1977 3rd France Michel Platini
80%
1980 3rd France Michel Platini
80%
1983 1st France Michel Platini
80%
1984 1st France Michel Platini
80%
1985 1st France Michel Platini
80%
1969 3rd West Germany Gerd Müller
79%
1970 1st West Germany Gerd Müller
79%
1972 2nd West Germany Gerd Müller
79%
1973 3rd West Germany Gerd Müller
79%
1987 1st Netherlands Ruud Gullit
78%
1988 2nd Netherlands Ruud Gullit
78%
2005 3rd England Steven Gerrard
77%
1966 3rd West Germany Franz Beckenbauer
75%
1972 1st West Germany Franz Beckenbauer
75%
1974 2nd West Germany Franz Beckenbauer
75%
1975 2nd West Germany Franz Beckenbauer
75%
1976 1st West Germany Franz Beckenbauer
75%
1971 1st Netherlands Johan Cruyff
75%
1973 1st Netherlands Johan Cruyff
75%
1974 1st Netherlands Johan Cruyff
75%
1975 3rd Netherlands Johan Cruyff
75%
2002 2nd Brazil Roberto Carlos
74%
1962 2nd Portugal Eusébio
73%
1965 1st Portugal Eusébio
73%
1966 2nd Portugal Eusébio
73%
2021 3rd Italy Jorginho
73%
1990 1st Germany Lothar Matthäus
73%
1991 2nd Germany Lothar Matthäus
73%
1999 2nd England David Beckham
72%
1992 2nd Bulgaria Hristo Stoichkov
72%
1994 1st Bulgaria Hristo Stoichkov
72%
2001 2nd Spain Raúl
72%
1956 2nd Spain Alfredo Di Stéfano
71%
1957 1st Spain Alfredo Di Stéfano
71%
1959 1st Spain Alfredo Di Stéfano
71%
1966 1st England Bobby Charlton
71%
1967 2nd England Bobby Charlton
71%
1968 2nd England Bobby Charlton
71%
1963 1st Soviet Union Lev Yashin
71%
2004 2nd Portugal Deco
70%
1993 1st Italy Roberto Baggio
69%
1994 2nd Italy Roberto Baggio
69%
1968 1st Northern Ireland George Best
66%
1971 3rd Northern Ireland George Best
66%
1960 2nd Hungary Ferenc Puskás
65%
1998 2nd Croatia Davor Šuker
61%
1988 3rd Netherlands Frank Rijkaard
59%
1989 3rd Netherlands Frank Rijkaard
59%
1991 1st France Jean-Pierre Papin
59%
1979 2nd West Germany Karl-Heinz Rummenigge
59%
1980 1st West Germany Karl-Heinz Rummenigge
59%
1981 1st West Germany Karl-Heinz Rummenigge
59%
1996 1st Germany Matthias Sammer
59%
1960 1st Spain Luis Suárez
58%
1961 2nd Spain Luis Suárez
58%
1964 2nd Spain Luis Suárez
58%
1965 3rd Spain Luis Suárez
58%
1996 3rd England Alan Shearer
56%
1995 3rd Finland Jari Litmanen
55%
1982 1st Italy Paolo Rossi
54%
1970 2nd England Bobby Moore
51%
1989 2nd Italy Franco Baresi
51%
1977 2nd England Kevin Keegan
50%
1978 1st England Kevin Keegan
50%
1979 1st England Kevin Keegan
50%
1956 3rd France Raymond Kopa
50%
1957 3rd France Raymond Kopa
50%
1958 1st France Raymond Kopa
50%
1959 2nd France Raymond Kopa
50%
1956 1st England Stanley Matthews
49%
1992 3rd Netherlands Dennis Bergkamp
45%
1993 2nd Netherlands Dennis Bergkamp
45%
1986 2nd England Gary Lineker
45%
1964 1st Scotland Denis Law
43%
1993 3rd France Eric Cantona
42%
1995 2nd Germany Jürgen Klinsmann
42%
1958 3rd France Just Fontaine
42%
1963 2nd Italy Gianni Rivera
40%
1969 1st Italy Gianni Rivera
40%
1983 2nd Scotland Kenny Dalglish
40%
1986 3rd Spain Emilio Butragueño
35%
1987 3rd Spain Emilio Butragueño
35%
1977 1st Denmark Allan Simonsen
34%
1983 3rd Denmark Allan Simonsen
34%
1990 3rd Germany Andreas Brehme
33%
1967 1st Hungary Flórián Albert
32%
1962 1st Czechoslovakia Josef Masopust
31%
1975 1st Soviet Union Oleg Blokhin
31%
1997 2nd Yugoslavia Predrag Mijatović
31%
1973 2nd Italy Dino Zoff
28%
1986 1st Soviet Union Igor Belanov
28%
1961 1st Italy Omar Sívori
25%
1990 2nd Italy Salvatore Schillaci
25%
1981 2nd West Germany Paul Breitner
23%
1982 3rd Poland Zbigniew Boniek
23%
1991 2nd Yugoslavia Dejan Savićević
19%
1984 2nd France Jean Tigana
19%
1960 3rd West Germany Uwe Seeler
19%
1991 2nd Yugoslavia Darko Pančev
15%
1958 2nd West Germany Helmut Rahn
15%
1959 3rd Wales John Charles
15%
1987 2nd Portugal Paulo Futre
15%
1971 2nd Italy Sandro Mazzola
15%
1982 2nd France Alain Giresse
14%
1957 2nd England Billy Wright
14%
1965 2nd Italy Giacinto Facchetti
14%
1963 3rd England Jimmy Greaves
14%
1980 2nd West Germany Bernd Schuster
13%
1981 3rd West Germany Bernd Schuster
13%
1985 3rd West Germany Bernd Schuster
13%
1972 2nd West Germany Günter Netzer
13%
1979 3rd Netherlands Ruud Krol
13%
1974 3rd Poland Kazimierz Deyna
12%
1978 2nd Austria Hans Krankl
11%
1984 3rd Denmark Preben Elkjær
11%
1985 2nd Denmark Preben Elkjær
11%
1976 2nd Netherlands Rob Rensenbrink
11%
1978 3rd Netherlands Rob Rensenbrink
11%
1957 3rd England Duncan Edwards
7%
1962 3rd West Germany Karl-Heinz Schnellinger
7%
1976 3rd Czechoslovakia Ivo Viktor
6%
1967 3rd Scotland Jimmy Johnstone
6%
1964 3rd Spain Amancio
5%
1968 3rd Yugoslavia Dragan Džajić
5%
1961 3rd England Johnny Haynes
5%
No matching quizzes found
Score Distribution
Percent of People with Each Score
Percentile by Number Answered
Your Score History
You have not taken this quiz since the last reset